[Event "Treviso op-B 4th"]
[Site "Treviso"]
[Date "2023.04.01"]
[Round "2"]
[White "Arcudi, Gioele"]
[Black "Grudina, Marco"]
[Result "1-0"]
[WhiteElo "1265"]
[BlackElo "1579"]
[PlyCount "45"]
[EventDate "2023.03.31"]
[EventType "swiss"]
[EventRounds "5"]
[EventCountry "ITA"]
[SourceTitle "EXT 2024"]
[Source "ChessBase"]
[SourceDate "2023.10.10"]
[SourceVersion "1"]
[SourceVersionDate "2023.10.10"]
[SourceQuality "1"]

1. e4 e5 2. Nf3 Nc6 3. Bc4 Bc5 4. 0-0 d6 5. c3 Nf6 6. d4 exd4 7. cxd4 Bb6 8. Nc3 h6 9. h3 a6 10. Re1 0-0 11. Bb3 Re8 12. Bc2 Ba7 13. a3 b5 14. Qd3 Bb7 15. Nd5 Nxd4 16. Nxf6+ Qxf6 17. e5 Nxf3+ 18. gxf3 dxe5 19. Qh7+ Kf8 20. Bd2 Bxf2+ 21. Kh2 Bg3+ 22. Kg1 Qxf3 23. Bb4+ 1-0

[Event "Treviso Lega op-B 2nd"]
[Site "Treviso"]
[Date "2018.03.04"]
[Round "4"]
[White "Grudina, Marco"]
[Black "Tonon, Lorenzo"]
[Result "0-1"]
[WhiteElo "1699"]
[BlackElo "1543"]
[PlyCount "138"]
[EventDate "2018.03.02"]
[EventType "swiss"]
[EventRounds "5"]
[EventCountry "ITA"]
[SourceTitle "EXT 2022"]
[Source "ChessBase"]
[SourceDate "2021.10.06"]
[SourceVersion "1"]
[SourceVersionDate "2021.10.06"]
[SourceQuality "1"]

1. e4 c5 2. Nf3 g6 3. d4 cxd4 4. Qxd4 Nf6 5. e5 Nc6 6. Qa4 Nd5 7. Qe4 Nb6 8. Nc3 Bg7 9. Bf4 0-0 10. 0-0-0 Re8 11. Bb5 a6 12. Bxc6 bxc6 13. h4 Bb7 14. h5 d5 15. Qd3 Qc8 16. hxg6 hxg6 17. Rh4 Qf5 18. Qxf5 gxf5 19. Rdh1 Nd7 20. R1h3 Kf8 21. Rg3 d4 22. Na4 c5 23. Bh6 Bxh6+ 24. Rxh6 e6 25. Nxc5 Nxc5 26. Nxd4 Ke7 27. f3 Rh8 28. Rgh3 Rxh6 29. Rxh6 Nd7 30. Ne2 Nxe5 31. Nf4 Rg8 32. b3 Ng6 33. Nd3 Rh8 34. Rxh8 Nxh8 35. Nc5 Bc8 36. f4 Kd6 37. b4 Ng6 38. g3 Ne7 39. c4 Nc6 40. a3 Nd4 41. Kd2 f6 42. Kd3 Nc6 43. Kc3 e5 44. Nd3 e4 45. Nc5 Nd8 46. Nb3 Ne6 47. a4 Kc6 48. Na5+ Kb6 49. c5+ Kc7 50. Nc4 Ng7 51. Nd2 Nh5 52. Nf1 Bd7 53. Kb3 Be6+ 54. Kc3 Kc6 55. Kd4 Bb3 56. a5 Be6 57. Kc3 Kb5 58. Kd4 Kxb4 59. c6 Kb5 60. c7 Kc6 61. c8Q+ Bxc8 62. Kc4 Be6+ 63. Kb4 Bd5 64. Kc3 Kb5 65. Kd4 Bf7 66. g4 fxg4 67. Kxe4 g3 68. Kf3 Bd5+ 69. Kg4 g2 0-1

[Event "Treviso op-C 1st"]
[Site "Treviso"]
[Date "2017.03.19"]
[Round "4.6"]
[White "Santo Fernando, Manuel"]
[Black "Grudina, Marco"]
[Result "1-0"]
[WhiteElo "1577"]
[BlackElo "1738"]
[PlyCount "51"]
[EventDate "2017.03.17"]
[EventType "swiss"]
[EventRounds "5"]
[EventCountry "ITA"]
[SourceTitle "EXT 2024"]
[Source "ChessBase"]
[SourceDate "2023.10.10"]
[SourceVersion "1"]
[SourceVersionDate "2023.10.10"]
[SourceQuality "1"]

1. e4 e5 2. Nf3 Nc6 3. Bc4 Bc5 4. c3 Nf6 5. d4 exd4 6. cxd4 Bb4+ 7. Bd2 Bxd2+ 8. Nbxd2 d5 9. exd5 Nxd5 10. 0-0 0-0 11. Re1 Bg4 12. h3 Bh5 13. Re4 Nf6 14. Rf4 Re8 15. g4 Bg6 16. Nh4 Nxd4 17. Nxg6 hxg6 18. g5 Nd5 19. Rxd4 Qxg5+ 20. Rg4 Qh5 21. Qf3 Nf6 22. Rg3 Qa5 23. Rxg6 Qxd2 24. Qxf6 Re1+ 25. Rxe1 Qxe1+ 26. Kh2 1-0

[Event "Treviso op-C 1st"]
[Site "Treviso"]
[Date "2017.03.17"]
[Round "1.2"]
[White "Grudina, Marco"]
[Black "Leone, Cataldo"]
[Result "0-1"]
[WhiteElo "1738"]
[BlackElo "1596"]
[PlyCount "116"]
[EventDate "2017.03.17"]
[EventType "swiss"]
[EventRounds "5"]
[EventCountry "ITA"]
[SourceTitle "EXT 2024"]
[Source "ChessBase"]
[SourceDate "2023.10.10"]
[SourceVersion "1"]
[SourceVersionDate "2023.10.10"]
[SourceQuality "1"]

1. e4 e5 2. Nf3 Nf6 3. Nxe5 d6 4. Nf3 Nxe4 5. d4 d5 6. Bd3 Bd6 7. 0-0 0-0 8. Re1 Bf5 9. a3 Nd7 10. c4 c6 11. Nc3 Nxc3 12. bxc3 Bg4 13. h3 Be6 14. cxd5 cxd5 15. Ng5 Nf6 16. Rxe6 fxe6 17. Nxe6 Qa5 18. Nxf8 Rxf8 19. Qb3 Qc7 20. Be3 Bf4 21. Bxf4 Qxf4 22. Rf1 b6 23. Be2 Rc8 24. Bf3 Qd6 25. Re1 Qc6 26. Re3 a5 27. a4 Kf8 28. Qa3+ Kg8 29. Qa2 Kf8 30. Qb3 Kf7 31. Qa3 Rc7 32. Qa2 Kf8 33. Qb1 Re7 34. Rxe7 Kxe7 35. Qc2 Kd6 36. Qb3 Ke7 37. Qc2 Kf8 38. g3 b5 39. axb5 Qxb5 40. Be2 Qb6 41. Bd3 Qc6 42. Qb3 Qa8 43. Qb6 a4 44. Qb4+ Kf7 45. Qa3 Qe8 46. Qa1 Qa8 47. Qb1 a3 48. Qa1 a2 49. c4 Qa3 50. Bf1 Qb3 51. Bd3 dxc4 52. Bf5 c3 53. g4 c2 54. Bxc2 Qxc2 55. Kg2 Qb1 56. Qc3 a1Q 57. Qc7+ Kg6 58. Qe5 Qe4+ 0-1

[Event "Omegna op-B 2nd"]
[Site "Omegna"]
[Date "2014.08.10"]
[Round "4"]
[White "Castiglioni, Fabrizio"]
[Black "Grudina, Marco"]
[Result "0-1"]
[WhiteElo "1797"]
[BlackElo "1741"]
[PlyCount "52"]
[EventDate "2014.08.08"]
[EventType "swiss"]
[EventRounds "5"]
[EventCountry "ITA"]
[SourceTitle "EXT 2015"]
[Source "ChessBase"]
[SourceDate "2014.11.20"]
[SourceVersion "1"]
[SourceVersionDate "2014.11.20"]
[SourceQuality "1"]

1. d4 d5 2. Nf3 Nf6 3. c4 c6 4. Nc3 e6 5. Bg5 Nbd7 6. e3 Qa5 7. Nd2 Bb4 8. Qc2 0-0 9. Bd3 dxc4 10. Nxc4 Qxg5 11. h4 Bxc3+ 12. bxc3 Qh5 13. Be2 Qd5 14. f3 Nb6 15. e4 Qd8 16. Ne3 Qc7 17. e5 Nfd5 18. Ng4 c5 19. Qd2 cxd4 20. c4 Ne3 21. Nxe3 dxe3 22. Qxe3 Nxc4 23. Qg5 Qxe5 24. Qc1 Ne3 25. Rb1 Rd8 26. Rb5 Qg3# 0-1

[Event "Omegna op-B 2nd"]
[Site "Omegna"]
[Date "2014.08.09"]
[Round "3"]
[White "Grudina, Marco"]
[Black "Scalfi, Agostino"]
[Result "1-0"]
[WhiteElo "1741"]
[BlackElo "1824"]
[PlyCount "95"]
[EventDate "2014.08.08"]
[EventType "swiss"]
[EventRounds "5"]
[EventCountry "ITA"]
[SourceTitle "EXT 2015"]
[Source "ChessBase"]
[SourceDate "2014.11.20"]
[SourceVersion "1"]
[SourceVersionDate "2014.11.20"]
[SourceQuality "1"]

1. e4 e5 2. Nf3 Nc6 3. Bc4 Be7 4. d4 exd4 5. Nxd4 Ne5 6. Bb3 Nf6 7. Nc3 d6 8. h3 0-0 9. Be3 c5 10. Nf5 a6 11. Nxe7+ Qxe7 12. Nd5 Nxd5 13. Bxd5 Rb8 14. Qd2 b5 15. 0-0-0 Rb6 16. Qa5 Qa7 17. b4 Nc4 18. Bxc4 bxc4 19. bxc5 Rb5 20. Qa3 dxc5 21. Rd5 Qb7 22. Rhd1 Rb1+ 23. Kd2 Rxd1+ 24. Kxd1 Qb1+ 25. Kd2 Qb4+ 26. Qxb4 cxb4 27. Bc5 Be6 28. Rd4 Re8 29. Bxb4 h6 30. Kc3 g6 31. Rd6 Ra8 32. Ba5 Kf8 33. Rd8+ Rxd8 34. Bxd8 Ke8 35. Bf6 Kd7 36. a3 Kc6 37. Kd4 Kb5 38. Be7 a5 39. f4 f5 40. Ke5 Bc8 41. Kf6 fxe4 42. Kxg6 e3 43. Bh4 Kc5 44. f5 Bb7 45. f6 Be4+ 46. Kg7 Bd5 47. f7 Bxf7 48. Kxf7 1-0

[Event "WchT Silent"]
[Site "Opatija"]
[Date "2014.06.23"]
[Round "5.5"]
[White "Grudina, Marco"]
[Black "Raibl, Zoltan"]
[Result "1/2-1/2"]
[WhiteElo "1756"]
[BlackElo "1989"]
[PlyCount "54"]
[EventDate "2014.06.19"]
[EventType "team-swiss"]
[EventRounds "9"]
[EventCountry "CRO"]
[SourceTitle "CBM 161 Extra"]
[Source "ChessBase"]
[SourceDate "2014.08.29"]
[SourceVersion "1"]
[SourceVersionDate "2014.08.29"]
[SourceQuality "1"]
[WhiteTeam "Italy"]
[BlackTeam "Hungary"]
[WhiteTeamCountry "ITA"]
[BlackTeamCountry "HUN"]

1. e4 c5 2. Nf3 e6 3. d4 cxd4 4. Nxd4 a6 5. Bd3 Nf6 6. 0-0 Qc7 7. c4 Bd6 8. h3 h5 9. Kh1 Ng4 10. f4 Bc5 11. Be2 Nf6 12. Bf3 d6 13. Nc3 Bd7 14. b3 Nc6 15. Be3 0-0-0 16. Nce2 Ng4 17. Bg1 e5 18. Nxc6 Bxc6 19. Qc1 Bxg1 20. Kxg1 Qb6+ 21. Kh1 f6 22. Nc3 Nf2+ 23. Kh2 Nd3 24. Qc2 Nxf4 25. Nd5 Bxd5 26. exd5 h4 27. a3 Kb8 1/2-1/2

[Event "Cipressina op-B 2nd"]
[Site "Venice"]
[Date "2013.12.01"]
[Round "4"]
[White "Daccico, Gianni"]
[Black "Grudina, Marco"]
[Result "0-1"]
[WhiteElo "1600"]
[BlackElo "1750"]
[PlyCount "80"]
[EventDate "2013.11.29"]
[EventType "swiss"]
[EventRounds "5"]
[EventCountry "ITA"]
[SourceTitle "EXT 2015"]
[Source "ChessBase"]
[SourceDate "2014.11.20"]
[SourceVersion "1"]
[SourceVersionDate "2014.11.20"]
[SourceQuality "1"]

1. e4 e5 2. Nf3 Nc6 3. Bc4 Bc5 4. d3 d6 5. Bg5 Nf6 6. c3 a6 7. 0-0 0-0 8. Nbd2 Qe7 9. Re1 Be6 10. Bb3 Bb6 11. Nf1 Bxb3 12. axb3 h6 13. Be3 Bxe3 14. Rxe3 Nh5 15. N3d2 Nf4 16. Ng3 Qg5 17. Nf3 Qf6 18. Nf5 Kh7 19. Ne1 g6 20. Ng3 Qg7 21. Rf3 Ne6 22. Nh1 Ng5 23. Rg3 f5 24. Nf3 Nxf3+ 25. Rxf3 f4 26. g3 g5 27. g4 h5 28. gxh5 g4 29. Kf1 gxf3 30. Qxf3 Rg8 31. Ke2 Qg4 32. Qxg4 Rxg4 33. f3 Rg2+ 34. Nf2 Rag8 35. b4 Rxh2 36. b5 axb5 37. Ra5 Nxa5 38. b4 Nc6 39. Ke1 Rg1+ 40. Ke2 Rgg2 0-1

[Event "Codogno op-A 4th"]
[Site "Codogno"]
[Date "2012.09.22"]
[Round "3"]
[White "Swannie, Douglas"]
[Black "Grudina, Marco"]
[Result "1/2-1/2"]
[WhiteElo "1922"]
[BlackElo "1833"]
[PlyCount "97"]
[EventDate "2012.09.21"]
[EventType "swiss"]
[EventRounds "5"]
[EventCountry "ITA"]
[SourceTitle "EXT 2016"]
[Source "ChessBase"]
[SourceDate "2015.10.08"]
[SourceVersion "1"]
[SourceVersionDate "2015.10.08"]
[SourceQuality "1"]

1. d4 d5 2. c4 c6 3. Nf3 Nf6 4. e3 e6 5. b3 Nbd7 6. Bd3 dxc4 7. bxc4 Bb4+ 8. Bd2 Qa5 9. 0-0 Bxd2 10. Nbxd2 Qh5 11. e4 e5 12. Nxe5 Qxd1 13. Rfxd1 Nxe5 14. dxe5 Nd7 15. Nf3 Nc5 16. h3 Be6 17. Ng5 Ke7 18. Nxe6 Kxe6 19. f4 Rhd8 20. Bc2 b6 21. Kf2 Nb7 22. Ke3 Na5 23. Bd3 c5 24. Be2 Ke7 25. Rd5 Nc6 26. a3 Nd4 27. Rc1 Nb3 28. Rc3 Nd4 29. Bd1 g6 30. g4 Rg8 31. f5 gxf5 32. exf5 h5 33. Ke4 hxg4 34. Bxg4 f6 35. exf6+ Kxf6 36. Rd6+ Kg5 37. Rg3 Rae8+ 38. Kd3 Kf4 39. Rg2 Re3+ 40. Kd2 Rxa3 41. Rf2+ Kg3 42. Rf1 Kg2 43. Rf4 Re8 44. f6 Ra2+ 45. Kd3 Ra3+ 46. Kd2 Ree3 47. Rdxd4 cxd4 48. f7 Ra2+ 49. Kd1 1/2-1/2

[Event "WCGD 1st"]
[Site "Dresden"]
[Date "2011.10.29"]
[Round "7"]
[White "Grudina, Marco"]
[Black "Gerasimova, Olga"]
[Result "0-1"]
[WhiteElo "1883"]
[BlackElo "2170"]
[PlyCount "104"]
[EventDate "2011.10.25"]
[EventType "swiss"]
[EventRounds "7"]
[EventCountry "GER"]
[SourceTitle "EXT 2012"]
[Source "ChessBase"]
[SourceDate "2011.11.24"]
[SourceVersion "1"]
[SourceVersionDate "2011.11.24"]
[SourceQuality "1"]

1. e4 c5 2. Nf3 Nc6 3. d4 cxd4 4. Nxd4 g6 5. Be3 Bg7 6. Nc3 Nf6 7. Bc4 Qa5 8. 0-0 0-0 9. Nb3 Qc7 10. f4 d6 11. h3 a6 12. a4 Na5 13. Nxa5 Qxa5 14. Qf3 Bd7 15. Bb3 Bc6 16. Bd2 Nd7 17. Rfd1 Qc7 18. a5 Nc5 19. Bd5 e6 20. Bxc6 Qxc6 21. Re1 Rfe8 22. Kh1 f5 23. e5 Qxf3 24. gxf3 d5 25. Na4 Nxa4 26. Rxa4 Rac8 27. c3 Bf8 28. Be3 Rc6 29. Rd1 Rec8 30. Kg2 Rc4 31. Rd4 Kf7 32. Raxc4 Rxc4 33. Rxc4 dxc4 34. Kg3 Ke8 35. Kf2 Kd7 36. Ke2 Kc6 37. Bb6 Be7 38. Kd2 Kb5 39. Kc2 Ka4 40. Bc7 Bc5 41. Bd8 h6 42. Bc7 Be3 43. Bd8 Bxf4 44. Bc7 h5 45. b3+ cxb3+ 46. Kb2 g5 47. Kb1 g4 48. fxg4 fxg4 49. hxg4 hxg4 50. Kb2 g3 51. Kb1 g2 52. Bb6 Bh2 0-1

[Event "WCGD 1st"]
[Site "Dresden"]
[Date "2011.10.28"]
[Round "5"]
[White "Grudina, Marco"]
[Black "Riegler, Dieter"]
[Result "0-1"]
[WhiteElo "1883"]
[BlackElo "2105"]
[PlyCount "56"]
[EventDate "2011.10.25"]
[EventType "swiss"]
[EventRounds "7"]
[EventCountry "GER"]
[SourceTitle "EXT 2012"]
[Source "ChessBase"]
[SourceDate "2011.11.24"]
[SourceVersion "1"]
[SourceVersionDate "2011.11.24"]
[SourceQuality "1"]

1. e4 c5 2. Nf3 d6 3. d4 cxd4 4. Nxd4 Nf6 5. Nc3 Nc6 6. Bg5 e6 7. Qd2 a6 8. 0-0-0 Bd7 9. f4 b5 10. a3 Qb6 11. Be2 Rb8 12. Nb3 Qc7 13. h3 b4 14. axb4 Nxb4 15. g4 Bc6 16. Bf3 Be7 17. Rhf1 0-0 18. f5 Rfc8 19. Bxf6 gxf6 20. h4 Kh8 21. Qh6 Ba4 22. Kb1 Nxc2 23. Nxa4 Rxb3 24. Qc1 Rb4 25. b3 Rxb3+ 26. Nb2 Ra3 27. Nc4 Qxc4 28. Qb2 Rb3 0-1